Team-building activities for every group / (Record no. 325)

MARC details
000 -LEADER
fixed length control field 00709cam a22002655a 4500
005 - DATE AND TIME OF LATEST TRANSACTION
control field 20260322212015.0
008 - FIXED-LENGTH DATA ELEMENTS--GENERAL INFORMATION
fixed length control field data
010 ## - LIBRARY OF CONGRESS CONTROL NUMBER
LC control number 99074244
020 ## - INTERNATIONAL STANDARD BOOK NUMBER
International Standard Book Number 0966234162
020 ## - INTERNATIONAL STANDARD BOOK NUMBER
International Standard Book Number 9780966234169
040 ## - CATALOGING SOURCE
Original cataloging agency CBL
Transcribing agency CBL
Modifying agency DLC
-- OMP
-- DLC
042 ## - AUTHENTICATION CODE
Authentication code lccopycat
050 04 - LIBRARY OF CONGRESS CALL NUMBER
Classification number GV1203
Item number .J74 1999
092 ## - LOCALLY ASSIGNED DEWEY CALL NUMBER (OCLC)
Classification number 790.15 J74 1999
001 - CONTROL NUMBER
control field data
100 1# - MAIN ENTRY--PERSONAL NAME
Personal name Jones, Alanna.
245 10 - TITLE STATEMENT
Title Team-building activities for every group /
Statement of responsibility, etc. Alanna Jones.
246 3# - VARYING FORM OF TITLE
Title proper/short title Team building activities for every group
260 ## - PUBLICATION, DISTRIBUTION, ETC.
Place of publication, distribution, etc. Richland, WA :
Name of publisher, distributor, etc. Rec Room Pub.,
Date of publication, distribution, etc. c1999.
300 ## - PHYSICAL DESCRIPTION
Extent 191 p. ;
Dimensions 23 cm.
500 ## - GENERAL NOTE
General note Includes index.
650 #0 - SUBJECT ADDED ENTRY--TOPICAL TERM
Topical term or geographic name entry element Games.
650 #0 - SUBJECT ADDED ENTRY--TOPICAL TERM
Topical term or geographic name entry element Group games.
650 #0 - SUBJECT ADDED ENTRY--TOPICAL TERM
Topical term or geographic name entry element Social skills in children.
Holdings
Withdrawn status Lost status Damaged status Not for loan Home library Current library Shelving location Date acquired Total checkouts Full call number Barcode Date last seen Price effective from Koha item type
        Centerville Centerville General stacks 22/03/2026   GV1203 .J74 1999 BC0010335 22/03/2026 22/03/2026 Books